| 000 | 00501nam a2200133Ia 4500 | ||
|---|---|---|---|
| 008 | 170221s9999 xx 000 0 und d | ||
| 100 | _aJennifer Ann Urban | ||
| 245 | _aIslamic Financing: A Successful Takeoff or a Crash Landing? Whether or Not Islamic Financing Should Be Used to Finance and Lease Aircraft | ||
| 245 | _cJennifer Ann Urban | ||
| 260 | _c2012 | ||
| 300 | _a1 : 6 | ||
| 650 | _xBusiness | ||
| 856 | _uhttp://digitalcommons.pepperdine.edu/cgi/viewcontent.cgi?article=1147&context=jbel | ||
| 999 |
_c313405 _d313405 |
||